000 00710nam a2200253Ia 4500
003 OSt
005 20221006143323.0
006 a|||||r|||| 00| 0
007 ta
008 221006b |||||||| |||| 00| 0 eng d
020 _cP52.25
024 _a8,647
037 _cTextual
040 _aEASL
_cEASL
_beng
041 _2eng
_aeng
082 _aX95:8.42Oj73.N83, M4
100 _aRUCH William V
_9341271
245 0 _aCorporate communications
_b A comparison of Japanese and American practices
260 _aWestport
_bQuorum Books
_c1984
300 _a298p.
_ccm.
490 _v JEL
942 _hX95:8.42Oj73.N83, M4
_cTEXL
_2CC
999 _c1076733
_d1076733